Breaking Japanese Diplomatic Codes David Sissons and D Special Section during the Second World War (Record no. 351017)
[ view plain ]
| 000 -LEADER | |
|---|---|
| fixed length control field | 00715nam a2200133Ia 4500 |
| 008 - FIXED-LENGTH DATA ELEMENTS--GENERAL INFORMATION | |
| fixed length control field | 171212s9999 xx 000 0 und d |
| 020 ## - INTERNATIONAL STANDARD BOOK NUMBER | |
| International Standard Book Number | 9781925021073 |
| 245 ## - TITLE STATEMENT | |
| Statement of responsibility, etc | editor Ball, Desmond;Tamura, Keiko |
| Title | Breaking Japanese Diplomatic Codes David Sissons and D Special Section during the Second World War |
| 260 ## - PUBLICATION, DISTRIBUTION, ETC. (IMPRINT) | |
| Name of publisher, distributor, etc | ANU E Press |
| Date of publication, distribution, etc | 2013 |
| 440 ## - SERIES STATEMENT/ADDED ENTRY--TITLE | |
| Title | Asian Studies Series |
| 650 ## - SUBJECT ADDED ENTRY--TOPICAL TERM | |
| Topical term or geographic name as entry element | History |
| 650 ## - SUBJECT ADDED ENTRY--TOPICAL TERM | |
| Topical term or geographic name as entry element | Sissons, D. C. S. (David Carlisle Stanley), 1925-2006; Allied Forces. Southwest Pacific Area. Allied Intelligence Bureau; World War, 1939-1945 -- Cryptography; World War, 1939-1945 -- Secret service -- Australia; World War, 1939-1945 -- Electronic intelli |
| 856 ## - ELECTRONIC LOCATION AND ACCESS | |
| Uniform Resource Identifier | <a href="www.jstor.org/stable/10.2307/j.ctt4cg5qn">www.jstor.org/stable/10.2307/j.ctt4cg5qn</a> |
| Withdrawn status | Lost status | Damaged status | Home library | Current library | Date acquired | Total Checkouts | Date last seen | Price effective from | Koha item type |
|---|---|---|---|---|---|---|---|---|---|
| College Library | College Library | 12/12/2017 | 12/12/2017 | 12/12/2017 | Curriculum - Based eBooks |